00311nam a2200121Ia 4500008004100000041000800041082001400049100002100063245002700084260003600111300003300147365000900180240624s9999 xx 000 0 und d aeng a519.5 PEA aPEARSON ROBERT W aSTATISTICAL PERSUASION c2010aLondonbSage Publications axviii, : 403 : p. : cm. ; 23 cb30